Haikyu Spieler - Statistiken

Allgemein
  • Dieses Quiz wurde 37 mal gespielt
  • Das Durchschnittsergebnis liegt bei 13 aus 21
Antwortstatistiken
Hint Player % Korrekt
Karasuno 10 Hinata
96%
Karasuno 9 Kageyama
93%
Karasuno 3 Asahi
89%
Aoba josai 1 Oikawa
89%
Karasuno 11 Tsukishima
89%
Karasuno 1 Daichi
85%
Karasnuno 4 Nishinoya
81%
Karasuno 2 Sugawara
78%
Karasuno 5 Tanaka
78%
Karasuno 12 Yamaguchi
78%
Aoba josai 4 Iwaizumi
67%
Nekoma 1 Kuroo
63%
Karasuno 8 Ennoshita
56%
Aoba josai 12 Kindaichi
52%
Karasuno 7 Kinoshita
44%
Aoba josai 16 Kyotani
41%
Aoba josai 13 Kunimi
37%
Aoba josai 3 Hanamaki
26%
Aoba josai 2 Matsukawa
19%
Aoba josai 7 Watari
15%
Aoba josai 6 Yahaba
11%
Keine übereinstimmenden Quizze gefunden
Verteilung der Resultate
Anzahl Personen mit jedem Resultat
Perzentil nach korrekt beantworteten Fragen
Ihre Resultats-Entwicklung
Sie haben dieses Quiz noch nicht gespielt